[Event "2. Bundesliga West 2016/17"]
[Site "Maeder"]
[Date "2016.11.25"]
[Round "4"]
[Board "4"]
[White "Maiwald, Jens-Uwe"]
[Black "Novkovic, Julia"]
[Result "1-0"]
[WhiteElo "2448"]
[BlackElo "2135"]
[PlyCount "60"]
[EventDate "2016.10.28"]
[EventType "team"]
[EventRounds "11"]
[EventCountry "AUT"]
[WhiteTeam "Zillertal"]
[BlackTeam "Dornbirn"]

{2016/17} 1. Nf3 g6 2. d4 Bg7 3. c3 Nf6 4. Bg5 c5 5. e3 Qa5 6. Nbd2 cxd4 7.
exd4 O-O 8. Be2 d6 9. O-O Bd7 10. Re1 b5 11. Qb3 a6 12. a4 bxa4 13. Qb7 Nc6 14.
Bxf6 Ra7 15. Qxa7 Nxa7 16. Bxe7 Rc8 17. Bxd6 Bb5 18. Bd1 Bc6 19. Bc5 Ra8 20.
Nc4 Qd8 21. Nfe5 Bxe5 22. Nxe5 Bb7 23. Bxa4 Qg5 24. g3 Kg7 25. Re3 Qf5 26. Rae1
Nb5 27. c4 Nc7 28. d5 a5 29. Rf3 Na6 30. Rxf5 gxf5 1-0

[Event "2. Bundesliga West 2016/17"]
[Site "Maeder"]
[Date "2016.11.25"]
[Round "4"]
[Board "5"]
[White "Kanonier, Clemens"]
[Black "Tabernig, Bernhard"]
[Result "1/2-1/2"]
[WhiteElo "2160"]
[BlackElo "2330"]
[PlyCount "91"]
[EventDate "2016.10.28"]
[EventType "team"]
[EventRounds "11"]
[EventCountry "AUT"]
[WhiteTeam "Dornbirn"]
[BlackTeam "Zillertal"]

{2016/17} 1. e4 e6 2. d4 d5 3. Nc3 Nf6 4. e5 Nfd7 5. f4 c5 6. Nf3 Nc6 7. Be3
Be7 8. Qd2 b6 9. Ne2 O-O 10. c3 f5 11. h3 a5 12. g4 Ba6 13. Ng5 Bxg5 14. fxg5
cxd4 15. cxd4 Qe7 16. gxf5 Rxf5 17. Ng3 Rf3 18. Bxa6 Rxa6 19. Ne2 Qb4 20. Qxb4
axb4 21. Kd2 Na5 22. b3 Nf8 23. Nf4 Nc6 24. Nd3 Ng6 25. Ke2 Rf8 26. h4 Rfa8 27.
Nc1 Nge7 28. Kd3 Nf5 29. Rh2 Rc8 30. h5 Nxe5+ 31. dxe5 Rc3+ 32. Kd2 Rxe3 33.
Nd3 Re4 34. g6 Nd4 35. Rf2 Nxb3+ 36. axb3 Rxa1 37. Rf8+ Kxf8 38. gxh7 Ra2+ 39.
Kc1 Rh4 40. h8=Q+ Kf7 41. Kb1 Rd2 42. Qd8 Rxh5 43. Qd7+ Kf8 44. Qd8+ Kf7 45.
Qd7+ Kf8 46. Qd8+ 1/2-1/2

[Event "2. Bundesliga West 2016/17"]
[Site "Maeder"]
[Date "2016.11.25"]
[Round "4"]
[Board "6"]
[White "Schiestl, Josef"]
[Black "Proyer, Enno"]
[Result "1-0"]
[WhiteElo "2123"]
[BlackElo "2103"]
[PlyCount "67"]
[EventDate "2016.10.28"]
[EventType "team"]
[EventRounds "11"]
[EventCountry "AUT"]
[WhiteTeam "Zillertal"]
[BlackTeam "Dornbirn"]

{2016/17} 1. e4 e6 2. d4 d5 3. Nd2 Be7 4. Bd3 c5 5. dxc5 Nf6 6. Qe2 Nc6 7. Ngf3
O-O 8. O-O Nb4 9. Nb3 Nxd3 10. cxd3 a5 11. Bg5 a4 12. Nbd2 b6 13. cxb6 Ba6 14.
e5 Nd7 15. Bxe7 Qxe7 16. Qe3 Nc5 17. Ne1 Rab8 18. b4 Nd7 19. a3 Rfc8 20. Nb1
Rxb6 21. Nf3 f6 22. Re1 f5 23. Nd4 h6 24. Qd2 Qh4 25. Nf3 Qg4 26. h3 Qg6 27.
Nc3 Bb7 28. Nxa4 Ra6 29. Nb2 Rac6 30. Nd4 R6c7 31. a4 f4 32. Qxf4 Rc2 33. Nxc2
Rxc2 34. Qd4 1-0

[Event "2. Bundesliga West 2016/17"]
[Site "Maeder"]
[Date "2016.11.25"]
[Round "4"]
[Board "2"]
[White "Mittelberger, Peter"]
[Black "Koepke, Christian"]
[Result "1/2-1/2"]
[WhiteElo "2143"]
[BlackElo "2305"]
[PlyCount "46"]
[EventDate "2016.10.28"]
[EventType "team"]
[EventRounds "11"]
[EventCountry "AUT"]
[WhiteTeam "Goetzis 2"]
[BlackTeam "Kufstein/Woergl"]

{2016/17} 1. d4 Nf6 2. c4 g6 3. Nc3 Bg7 4. e4 d6 5. f3 O-O 6. Be3 a6 7. Bd3
Nbd7 8. Nge2 c5 9. O-O b6 10. Qd2 cxd4 11. Nxd4 Bb7 12. Rac1 e6 13. Rfd1 Qc7
14. Bf1 Rfe8 15. b4 Rac8 16. Nb3 Bf8 17. a3 Qb8 18. Qf2 Ba8 19. Na4 Rc6 20. Nd4
Rc7 21. Nb3 Rc6 22. Nd4 Rc7 23. Nb3 Rc6 1/2-1/2

[Event "2. Bundesliga West 2016/17"]
[Site "Maeder"]
[Date "2016.11.25"]
[Round "4"]
[Board "3"]
[White "Levushkina, Elena"]
[Black "Jussupow, Nadia"]
[Result "1-0"]
[WhiteElo "2342"]
[BlackElo "2174"]
[PlyCount "131"]
[EventDate "2016.10.28"]
[EventType "team"]
[EventRounds "11"]
[EventCountry "AUT"]
[WhiteTeam "Kufstein/Woergl"]
[BlackTeam "Goetzis 2"]

{2016/17} 1. e4 e6 2. d4 d5 3. Nd2 Nf6 4. e5 Nfd7 5. Bd3 c5 6. c3 Nc6 7. Ne2
cxd4 8. cxd4 f6 9. exf6 Qxf6 10. Nf3 Bb4+ 11. Bd2 O-O 12. O-O Bxd2 13. Qxd2 e5
14. dxe5 Ndxe5 15. Nxe5 Nxe5 16. Bc2 Be6 17. b3 Rad8 18. Nd4 Bf7 19. Rac1 Bg6
20. Bxg6 Qxg6 21. Rc3 Rf6 22. Rg3 Qf7 23. Re1 Rf8 24. f3 Nc6 25. Rg5 h6 26. Rg4
Re8 27. Rxe8+ Qxe8 28. Nxc6 bxc6 29. h3 Qe5 $11 30. Ra4 Rf7 31. f4 Qd6 32. Rd4
Re7 33. b4 Qg6 34. Qf2 Qb1+ 35. Kh2 Re4 36. a3 a6 37. Rd2 Qb3 38. Qc5 Rc4 39.
Qe7 Qxa3 40. Qe6+ Kh7 41. Qf5+ Kg8 42. Rxd5 cxd5 43. Qxd5+ Kh7 44. Qxc4 Qe3 45.
Qc2+ Kg8 46. Qc8+ Kf7 47. Qc7+ Kf8 48. Qe5 Qd3 49. f5 Kg8 50. Qe6+ Kh7 51. f6
gxf6 52. Qf7+ Kh8 53. Qxf6+ Kh7 54. Qe7+ Kg6 55. Qe5 Kh7 56. Qf4 Qb5 57. Qe4+
Kg7 58. h4 a5 59. Qd4+ Kg6 60. Qd6+ Kh5 61. Qc5+ Qxc5 62. bxc5 a4 63. c6 a3 64.
c7 a2 65. c8=Q a1=Q 66. Qf5+ 1-0

[Event "2. Bundesliga West 2016/17"]
[Site "Maeder"]
[Date "2016.11.25"]
[Round "4"]
[Board "4"]
[White "Kranz, Armin"]
[Black "Neuschmied, Siegfried"]
[Result "1-0"]
[WhiteElo "2071"]
[BlackElo "2153"]
[PlyCount "141"]
[EventDate "2016.10.28"]
[EventType "team"]
[EventRounds "11"]
[EventCountry "AUT"]
[WhiteTeam "Goetzis 2"]
[BlackTeam "Kufstein/Woergl"]

{2016/17} 1. d4 Nf6 2. c4 g6 3. Nc3 Bg7 4. Nf3 d6 5. Bg5 c5 6. d5 h6 7. Bh4 Bf5
8. Nd2 g5 9. Bg3 Qa5 10. f3 Nbd7 11. e4 Bg6 12. Be2 Nh5 13. Bf2 Nf4 14. O-O
Bxc3 15. Nb3 Qb4 16. bxc3 Qxc3 17. Rc1 Qg7 18. Be1 b6 19. Bc3 f6 20. Rf2 Nxe2+
21. Qxe2 O-O 22. Nd2 Bh5 23. h3 Rfb8 24. Nf1 Qh7 25. Ne3 Nf8 26. Qf1 Be8 27.
Rb1 a6 28. Rfb2 b5 29. a3 Bd7 30. g4 Ng6 31. Nf5 Kf7 32. Rb3 Rh8 33. cxb5 axb5
34. Bd2 h5 35. R1b2 Ne5 36. Bc1 Ra4 37. Rg2 hxg4 38. fxg4 Rxe4 39. Ng3 Rc4 40.
Nh5 Ke8 41. Bb2 Rf8 42. a4 Rxa4 43. Rxb5 Qd3 44. Qxd3 Nxd3 45. Rb7 Rb4 46. Ng7+
Kd8 47. Ra7 Rf7 48. Ne6+ Bxe6 49. dxe6 Rh7 50. Bxf6 Rb1+ 51. Kh2 Nf4 52. Rg3
Nxe6 53. Re3 Nc7 54. Bxg5 Nd5 55. Rf3 Ke8 56. h4 c4 57. Ra5 Rd1 58. Rf5 Nc7 59.
Ra7 Kd7 60. Rb5 Kc6 61. Rbb7 e5 62. Bd8 Ne6 63. Rxh7 Nxd8 64. g5 Ne6 65. Rh8
Kd5 66. g6 c3 67. Rc8 Rd2+ 68. Kg3 c2 69. g7 Rd1 70. Rxc2 Rd3+ 71. Kf2 1-0

[Event "2. Bundesliga West 2016/17"]
[Site "Maeder"]
[Date "2016.11.25"]
[Round "4"]
[Board "5"]
[White "Atzl, Florian"]
[Black "Ferk, Martin"]
[Result "1-0"]
[WhiteElo "1996"]
[BlackElo "1915"]
[PlyCount "71"]
[EventDate "2016.10.28"]
[EventType "team"]
[EventRounds "11"]
[EventCountry "AUT"]
[WhiteTeam "Kufstein/Woergl"]
[BlackTeam "Goetzis 2"]

{2016/17} 1. e4 e6 2. d4 d5 3. Nd2 dxe4 4. Nxe4 Nd7 5. c3 Ngf6 6. Bd3 c5 7. Nf3
cxd4 8. Nxd4 Nxe4 9. Bxe4 Nf6 10. Bf3 Be7 11. O-O O-O 12. Re1 Qc7 13. Qe2 Bd7
14. g3 Bd6 15. Bg5 a6 16. Rad1 e5 17. Nc2 Be6 18. Ne3 Be7 19. Qc2 h6 20. Bxf6
Bxf6 21. Bd5 Bd7 22. Qe4 Rab8 23. Nc4 Ba4 24. Rd2 Bg5 25. Rde2 Bb5 26. Qxe5
Qxe5 27. Rxe5 Bf6 28. R5e4 Rfd8 29. Ne3 Bd3 30. Rb4 b5 31. Rd1 Be2 32. Rd2 Bf3
33. Rf4 Bh5 34. h4 Bg6 35. Ng4 Be7 36. Ne5 1-0

[Event "2. Bundesliga West 2016/17"]
[Site "Maeder"]
[Date "2016.11.25"]
[Round "4"]
[Board "6"]
[White "Khachatouri, Saro"]
[Black "Anibas, Juergen"]
[Result "1/2-1/2"]
[WhiteElo "1832"]
[BlackElo "2034"]
[PlyCount "60"]
[EventDate "2016.10.28"]
[EventType "team"]
[EventRounds "11"]
[EventCountry "AUT"]
[WhiteTeam "Goetzis 2"]
[BlackTeam "Kufstein/Woergl"]

{2016/17} 1. e4 e6 2. d3 d5 3. Nd2 Nf6 4. Ngf3 c5 5. g3 Nc6 6. Bg2 Be7 7. O-O
dxe4 8. dxe4 e5 9. c3 O-O 10. Qe2 Qc7 11. Nc4 h6 12. Rd1 Be6 13. Nh4 Rfd8 14.
Bd2 b5 15. Ne3 c4 16. Nef5 Bf8 17. Be3 Kh7 18. Qf3 Ng8 19. Bh3 g6 20. g4 g5 21.
Ng2 Nge7 22. Ne1 Ng6 23. Bf1 Nf4 24. h4 Bxf5 25. exf5 Rxd1 26. Rxd1 Re8 27. Qe4
f6 28. Bxf4 gxf4 29. g5 hxg5 30. hxg5 fxg5 1/2-1/2

[Event "2. Bundesliga West 2016/17"]
[Site "Maeder"]
[Date "2016.11.25"]
[Round "4"]
[Board "1"]
[White "Dovzik, Juri"]
[Black "Dobosz, Henryk"]
[Result "0-1"]
[WhiteElo "2284"]
[BlackElo "2390"]
[PlyCount "84"]
[EventDate "2016.10.28"]
[EventType "team"]
[EventRounds "11"]
[EventCountry "AUT"]
[WhiteTeam "Ranshofen"]
[BlackTeam "Bregenz 2"]

{2016/17} 1. d4 d6 2. e4 Nf6 3. Nc3 e5 4. Nf3 Nbd7 5. Bc4 Be7 6. O-O O-O 7. Re1
c6 8. a4 b6 9. b3 a6 10. Bb2 Bb7 11. h3 b5 12. Bd3 Re8 13. Ne2 Bf8 14. Ng3 g6
15. c4 b4 16. Qc2 c5 17. d5 Bg7 18. Bc1 Nf8 19. Be3 h5 20. Qd2 N8h7 21. Ra2 h4
22. Ne2 Nh5 23. Ng5 Bc8 24. Nxh7 Kxh7 25. Bg5 Bf6 26. Bxf6 Qxf6 27. Qe3 Ra7 28.
Kh2 Nf4 29. Ng1 g5 30. Be2 Nxe2 31. Qxe2 Qg6 32. g4 hxg3+ 33. fxg3 f5 34. exf5
Bxf5 35. Qe3 g4 36. Rf2 Rf7 37. Ref1 Ref8 38. h4 Bc2 39. Rxf7+ Rxf7 40. Rxf7+
Qxf7 41. Kg2 Qf5 42. Ne2 Qf3+ 0-1

[Event "2. Bundesliga West 2016/17"]
[Site "Maeder"]
[Date "2016.11.25"]
[Round "4"]
[Board "2"]
[White "Bezler, Rainer"]
[Black "Knechtel, Roland"]
[Result "1/2-1/2"]
[WhiteElo "2234"]
[BlackElo "2266"]
[PlyCount "105"]
[EventDate "2016.10.28"]
[EventType "team"]
[EventRounds "11"]
[EventCountry "AUT"]
[WhiteTeam "Bregenz 2"]
[BlackTeam "Ranshofen"]

{2016/17} 1. e4 c6 2. d4 d5 3. e5 Bf5 4. Nf3 e6 5. Be2 Nd7 6. O-O Ne7 7. Nbd2
b5 8. b3 Ng6 9. Re1 Bb4 10. Bb2 Nf4 11. Bf1 O-O 12. a3 Ba5 13. b4 Bb6 14. Nb3
a5 15. Qd2 Ng6 16. Nc5 Ra7 17. h3 Ne7 18. Nh4 Bxc5 19. bxc5 Be4 20. f3 Ng6 21.
fxe4 Qxh4 22. exd5 exd5 23. a4 b4 24. c3 bxc3 25. Bxc3 Re8 26. Rab1 Nf4 27. Qf2
Qg5 28. Kh1 Ne6 29. Bd3 f6 30. exf6 Nxf6 31. Rb6 Qh5 32. Qf5 Qf7 33. Re5 g6 34.
Qf3 Nd7 35. Qxf7+ Kxf7 36. Re2 Nxb6 37. cxb6 Raa8 38. Rb2 Rab8 39. Be2 Ke7 40.
Bg4 Nd8 41. Be1 Rb7 42. Bh4+ Kf7 43. Bg3 h5 44. Be2 Ne6 45. Be5 c5 46. Bf3 Rd8
47. dxc5 Nxc5 48. Bc7 Rd7 49. Rb5 Nxa4 50. Bxd5+ Rxd5 51. Rxd5 Nxb6 52. Bxb6
Rxb6 53. Rxa5 1/2-1/2

[Event "2. Bundesliga West 2016/17"]
[Site "Maeder"]
[Date "2016.11.25"]
[Round "4"]
[Board "3"]
[White "Riediger, Martin"]
[Black "Barthelmann, Benno"]
[Result "1-0"]
[WhiteElo "2288"]
[BlackElo "2097"]
[PlyCount "65"]
[EventDate "2016.10.28"]
[EventType "team"]
[EventRounds "11"]
[EventCountry "AUT"]
[WhiteTeam "Ranshofen"]
[BlackTeam "Bregenz 2"]

{2016/17} 1. Nf3 f5 2. d3 Nf6 3. e4 d6 4. Nc3 g6 5. exf5 Bxf5 6. d4 Bg7 7. Bc4
d5 8. Bd3 O-O 9. Bxf5 gxf5 10. Bf4 c6 11. O-O e6 12. Ng5 Re8 13. Re1 Qd7 14.
Be5 Na6 15. f3 Re7 16. Ne2 Nh5 17. Bxg7 Rxg7 18. Nh3 Qd6 19. Qd2 Nf6 20. Nef4
Nc7 21. Re2 Re8 22. Rae1 b6 23. Qe3 c5 24. c3 Qf8 25. Qf2 cxd4 26. Qxd4 Qf7 27.
Nd3 Nd7 28. Nhf4 h5 29. Ne5 Nxe5 30. Rxe5 h4 31. Qe3 h3 32. g3 Qf6 33. Nh5 1-0

[Event "2. Bundesliga West 2016/17"]
[Site "Maeder"]
[Date "2016.11.25"]
[Round "4"]
[Board "4"]
[White "Amann, Harald"]
[Black "Ager, Josef"]
[Result "0-1"]
[WhiteElo "2049"]
[BlackElo "2144"]
[PlyCount "106"]
[EventDate "2016.10.28"]
[EventType "team"]
[EventRounds "11"]
[EventCountry "AUT"]
[WhiteTeam "Bregenz 2"]
[BlackTeam "Ranshofen"]

{2016/17} 1. Nf3 Nf6 2. c4 g6 3. b3 Bg7 4. Bb2 d6 5. d4 O-O 6. Nc3 Nc6 7. e4
Bg4 8. Be2 e5 9. d5 Bxf3 10. Bxf3 Nd4 11. g3 Nxf3+ 12. Qxf3 Nd7 13. O-O f5 14.
Qe2 f4 15. f3 h5 16. Qg2 Kh7 17. Rad1 a6 18. g4 Qg5 19. gxh5 Qxh5 20. Qg4 Qxg4+
21. fxg4 Bf6 22. Kg2 b5 23. cxb5 axb5 24. b4 Nb6 25. Rf3 Nc4 26. Rh3+ Kg7 27.
Bc1 Rfb8 28. Rf1 Bg5 29. Rff3 Rb6 30. Kf1 c5 31. dxc6 Rxc6 32. Rd3 Ne3+ 33.
Bxe3 fxe3 34. Nd1 Rc1 35. a3 Rf8+ 36. Ke2 Rc2+ 37. Ke1 e2 38. Nf2 Rc1+ 39. Kxe2
Rc2+ 40. Ke1 Rfxf2 41. Rxd6 Rce2+ 42. Kd1 Rxe4 43. Rd7+ Rf7 44. Rh7+ Kxh7 45.
Rxf7+ Kh6 46. Rb7 Rd4+ 47. Ke2 Rd5 48. Kf3 Rd3+ 49. Kf2 e4 50. Rxb5 Rxa3 51.
Re5 Bf4 52. Rxe4 Bxh2 53. Rc4 Rb3 0-1

[Event "2. Bundesliga West 2016/17"]
[Site "Maeder"]
[Date "2016.11.25"]
[Round "4"]
[Board "5"]
[White "Kuecher, Wolfgang"]
[Black "Oswald, Albert"]
[Result "1-0"]
[WhiteElo "2122"]
[BlackElo "1920"]
[PlyCount "133"]
[EventDate "2016.10.28"]
[EventType "team"]
[EventRounds "11"]
[EventCountry "AUT"]
[WhiteTeam "Ranshofen"]
[BlackTeam "Bregenz 2"]

{2016/17} 1. d4 d5 2. c4 e6 3. Nf3 Nf6 4. e3 Be7 5. Bd3 b6 6. cxd5 Nxd5 7. O-O
O-O 8. Nc3 Ba6 9. Ne5 Bxd3 10. Qxd3 c5 11. dxc5 Nxc3 12. Qxc3 Bxc5 13. b4 Bd6
14. Bb2 Qf6 15. Rac1 Bxe5 16. Qxe5 Qxe5 17. Bxe5 Nd7 18. Bb2 Rac8 19. Rfd1 Nf6
20. Bxf6 gxf6 21. g3 Rfd8 22. Rxd8+ Rxd8 23. Rc7 a5 24. bxa5 bxa5 25. Rc5 Ra8
26. Kg2 f5 27. Kf3 Kg7 28. a4 Kg6 29. e4 fxe4+ 30. Kxe4 Kf6 31. f4 Ke7 32. Rh5
Kf6 33. Rb5 Ra7 34. g4 h6 35. h4 Ke7 36. Rh5 Ra6 37. Kd3 Rd6+ 38. Kc4 Ra6 39.
Rxh6 Ra8 40. Rh5 Rg8 41. Rg5 Ra8 42. h5 Kf8 43. h6 f6 44. h7 Kf7 45. Rh5 Kg7
46. Kc5 Kh8 47. Kb6 Re8 48. Kxa5 e5 49. fxe5 fxe5 50. g5 e4 51. g6 e3 52. Rh1
e2 53. Re1 Re6 54. Kb5 Rxg6 55. Rxe2 Rg5+ 56. Kc6 Kxh7 57. Rc2 Kg8 58. Rc5 Rg6+
59. Kb7 Rg4 60. a5 Rb4+ 61. Kc7 Ra4 62. Kb6 Rb4+ 63. Rb5 Rf4 64. a6 Rf6+ 65.
Ka5 Rf7 66. Rb8+ Kg7 67. Rb7 1-0

[Event "2. Bundesliga West 2016/17"]
[Site "Maeder"]
[Date "2016.11.25"]
[Round "4"]
[Board "6"]
[White "Dorner, Guenther"]
[Black "Schwarzmeier, Klaus"]
[Result "0-1"]
[WhiteElo "1917"]
[BlackElo "2138"]
[PlyCount "86"]
[EventDate "2016.10.28"]
[EventType "team"]
[EventRounds "11"]
[EventCountry "AUT"]
[WhiteTeam "Bregenz 2"]
[BlackTeam "Ranshofen"]

{2016/17} 1. e4 e6 2. d4 d5 3. Nc3 Bb4 4. exd5 exd5 5. Bd3 Nf6 6. Bg5 O-O 7.
Nge2 Re8 8. O-O c6 9. h3 Nbd7 10. Ng3 Nf8 11. Qf3 Be7 12. Nf5 Bxf5 13. Qxf5 Qd7
14. Qf3 Ne6 15. Be3 Qc7 16. Ne2 Bd6 17. c3 Re7 18. g4 Rae8 19. Rae1 b6 20. Kg2
Nd7 21. h4 Ndf8 22. h5 h6 23. Rg1 Ng5 24. Bxg5 hxg5 25. Qf5 Bf4 26. Nxf4 Rxe1
27. Rxe1 Rxe1 28. Qxg5 Qe7 29. Qf5 Qh4 30. Nh3 Re6 31. Qg5 Qxg5 32. Nxg5 Re1
33. Nf3 Ra1 34. Ne5 Ne6 35. Kg3 Nd8 36. Bf5 Rxa2 37. Bd7 Rxb2 38. Bxc6 Nxc6 39.
Nxc6 a5 40. Ne7+ Kf8 41. Nxd5 a4 42. Ne3 a3 43. Nc4 Rb3 0-1

[Event "2. Bundesliga West 2016/17"]
[Site "Maeder"]
[Date "2016.11.25"]
[Round "4"]
[Board "1"]
[White "Fedorovsky, Michael"]
[Black "Mons, Leon"]
[Result "1/2-1/2"]
[WhiteElo "2497"]
[BlackElo "2461"]
[PlyCount "72"]
[EventDate "2016.10.28"]
[EventType "team"]
[EventRounds "11"]
[EventCountry "AUT"]
[WhiteTeam "Jenbach 2"]
[BlackTeam "SIR Bernhard 1"]

{2016/17} 1. d4 d5 2. c4 e6 3. Nc3 Be7 4. Nf3 Nf6 5. Bg5 h6 6. Bh4 O-O 7. e3
Ne4 8. Bxe7 Qxe7 9. Qc2 Nxc3 10. Qxc3 dxc4 11. Bxc4 b6 12. O-O Bb7 13. Be2 c5
14. dxc5 Rc8 15. b4 bxc5 16. b5 a6 17. a4 axb5 18. axb5 Nd7 19. Nd2 Nb6 20.
Rxa8 Rxa8 21. Ra1 Rxa1+ 22. Qxa1 Qf8 23. Qa5 c4 24. Bf1 g6 25. Qc3 Bd5 26. e4
Bb7 27. Nxc4 Qc5 28. Qb3 Nxc4 29. Qxc4 Qxc4 30. Bxc4 Bxe4 31. f3 Bb7 32. Kf2
Kf8 33. f4 Ke7 34. g4 g5 35. fxg5 hxg5 36. Bb3 f5 1/2-1/2

[Event "2. Bundesliga West 2016/17"]
[Site "Maeder"]
[Date "2016.11.25"]
[Round "4"]
[Board "2"]
[White "Pitl, Gregory"]
[Black "Lehner, Oliver"]
[Result "0-1"]
[WhiteElo "2397"]
[BlackElo "2407"]
[PlyCount "44"]
[EventDate "2016.10.28"]
[EventType "team"]
[EventRounds "11"]
[EventCountry "AUT"]
[WhiteTeam "SIR Bernhard 1"]
[BlackTeam "Jenbach 2"]

{2016/17} 1. e4 e5 2. Nf3 Nc6 3. d4 exd4 4. Nxd4 Nf6 5. Nxc6 bxc6 6. e5 Qe7 7.
Qe2 Nd5 8. c4 Nb6 9. Nc3 Qe6 10. b3 Bb4 11. Bb2 a5 12. O-O-O O-O 13. Ne4 a4 14.
Qh5 h6 15. Bd3 axb3 16. axb3 Ba3 17. f4 Bxb2+ 18. Kxb2 d5 19. exd6 cxd6 20.
Nxd6 f5 21. Bc2 Qf6+ 22. Kc1 Qc3 0-1

[Event "2. Bundesliga West 2016/17"]
[Site "Maeder"]
[Date "2016.11.25"]
[Round "4"]
[Board "3"]
[White "Micheli, Carlo"]
[Black "Hilverda, Alexander"]
[Result "0-1"]
[WhiteElo "2242"]
[BlackElo "2392"]
[PlyCount "128"]
[EventDate "2016.10.28"]
[EventType "team"]
[EventRounds "11"]
[EventCountry "AUT"]
[WhiteTeam "Jenbach 2"]
[BlackTeam "SIR Bernhard 1"]

{2016/17} 1. c4 e5 2. g3 Nf6 3. Bg2 c6 4. Nc3 d5 5. cxd5 cxd5 6. d4 e4 7. Bg5
Nbd7 8. f3 h6 9. Bc1 Bb4 10. Nh3 O-O 11. Nf2 Re8 12. fxe4 dxe4 13. O-O Bxc3 14.
bxc3 Nb6 15. a4 Qd5 16. a5 Nc4 17. Nd3 Nxa5 18. Nc5 b6 19. Qc2 Bf5 20. h3 Nc4
21. Na6 Rac8 22. g4 Bd7 23. Bf4 Bb5 24. Nc7 Rxc7 25. Bxc7 Ne3 26. Qa2 Nxf1 27.
Bxf1 Qxa2 28. Rxa2 Nd5 29. Rxa7 Rc8 30. Bd6 Rxc3 31. Kf2 Rc2 32. Ra1 f6 33. Re1
Kf7 34. Bg2 e3+ 35. Kf1 Nc3 36. Bf3 g5 37. Bh2 Rd2 38. Bg1 Nd1 39. Bd5+ Ke7 40.
Bb3 Nf2 41. Bxf2 exf2 42. Kxf2 Rxd4 43. Ra1 f5 44. gxf5 Rf4+ 45. Ke3 Rxf5 46.
Ke4 Bd7 47. Ra7 Rf2 48. Bc4 Kd6 49. e3 Rh2 50. Kd4 Rd2+ 51. Kc3 Rd1 52. e4 h5
53. Kc2 Re1 54. Bd5 Re3 55. Rb7 Rxh3 56. Rxb6+ Ke5 57. Kd2 g4 58. Ke2 h4 59.
Rh6 Kd4 60. Bb7 Rh2+ 61. Kf1 Ke3 62. Kg1 g3 63. Rh5 Kf4 64. e5 Bg4 0-1

[Event "2. Bundesliga West 2016/17"]
[Site "Maeder"]
[Date "2016.11.25"]
[Round "4"]
[Board "4"]
[White "Durakovic, Alman"]
[Black "Hoellrigl, Wilfried"]
[Result "1-0"]
[WhiteElo "2280"]
[BlackElo "2151"]
[PlyCount "45"]
[EventDate "2016.10.28"]
[EventType "team"]
[EventRounds "11"]
[EventCountry "AUT"]
[WhiteTeam "SIR Bernhard 1"]
[BlackTeam "Jenbach 2"]

{2016/17} 1. d4 Nf6 2. c4 c5 3. d5 b5 4. cxb5 a6 5. Nc3 g6 6. e4 d6 7. bxa6 Bg7
8. Bb5+ Nbd7 9. Qe2 O-O 10. Nf3 Qa5 11. Bd2 Bxa6 12. a4 Nxe4 13. Qxe4 Bxb5 14.
Nxb5 Qxb5 15. axb5 Rxa1+ 16. Ke2 Rxh1 17. Qxe7 Nf6 18. b6 Rb1 19. b4 Nxd5 20.
Qe4 Rb2 21. Qxd5 Re8+ 22. Kd3 cxb4 23. b7 1-0

[Event "2. Bundesliga West 2016/17"]
[Site "Maeder"]
[Date "2016.11.25"]
[Round "4"]
[Board "5"]
[White "Czoeppan, Thomas"]
[Black "Grimberg, Boris"]
[Result "0-1"]
[WhiteElo "2098"]
[BlackElo "2339"]
[PlyCount "50"]
[EventDate "2016.10.28"]
[EventType "team"]
[EventRounds "11"]
[EventCountry "AUT"]
[WhiteTeam "Jenbach 2"]
[BlackTeam "SIR Bernhard 1"]

{2016/17} 1. Nf3 c5 2. c4 Nc6 3. g3 g6 4. Bg2 Bg7 5. Nc3 e6 6. d3 Nge7 7. Bd2
O-O 8. Qc1 d5 9. Bh6 d4 10. Bxg7 Kxg7 11. Nb1 e5 12. h4 h6 13. h5 g5 14. Nbd2
f5 15. Nb3 f4 16. Nbd2 fxg3 17. fxg3 Nf5 18. Nf1 Qf6 19. g4 Nd6 20. Bh3 e4 21.
dxe4 Nxe4 22. Rg1 d3 23. Qe3 Qxb2 24. Qxe4 Qxa1+ 25. Kf2 Qd4+ 0-1

[Event "2. Bundesliga West 2016/17"]
[Site "Maeder"]
[Date "2016.11.25"]
[Round "4"]
[Board "6"]
[White "Wieneroiter, Gerald"]
[Black "Stangl, Anita"]
[Result "0-1"]
[WhiteElo "2120"]
[BlackElo "2071"]
[PlyCount "86"]
[EventDate "2016.10.28"]
[EventType "team"]
[EventRounds "11"]
[EventCountry "AUT"]
[WhiteTeam "SIR Bernhard 1"]
[BlackTeam "Jenbach 2"]

{2016/17} 1. Nf3 e6 2. d4 d5 3. c4 c6 4. e3 Bd6 5. b3 f5 6. Be2 Qa5+ 7. Nbd2
Nf6 8. Bb2 O-O 9. O-O Nbd7 10. Ne5 Ne4 11. Nxe4 dxe4 12. Nxd7 Bxd7 13. c5 Be7
14. Bc4 b5 15. cxb6 axb6 16. a4 Kh8 17. f3 exf3 18. Rxf3 Rad8 19. Qe2 Bf6 20.
e4 c5 21. e5 Bg5 22. d5 Be8 23. Rg3 Bf4 24. Bc3 Qa7 25. Rd3 exd5 26. Bxd5 Qe7
27. Rf1 Bg5 28. Bc4 Bc6 29. Rxd8 Qxd8 30. Rd1 Qe7 31. Rd6 Qc7 32. Qh5 Be3+ 33.
Kh1 Bd4 34. Bxd4 cxd4 35. Qd1 f4 36. Qxd4 f3 37. gxf3 Bxf3+ 38. Kg1 Qe7 39. Qe3
Qe8 40. Bd5 Bxd5 41. Rxd5 Qg6+ 42. Qg3 Qb1+ 43. Kg2 Qf1# 0-1

[Event "2. Bundesliga West 2016/17"]
[Site "Maeder"]
[Date "2016.11.25"]
[Round "4"]
[Board "1"]
[White "Eybl, Alexander"]
[Black "Krivoborodov, Egor"]
[Result "0-1"]
[WhiteElo "2277"]
[BlackElo "2519"]
[PlyCount "84"]
[EventDate "2016.10.28"]
[EventType "team"]
[EventRounds "11"]
[EventCountry "AUT"]
[WhiteTeam "Pradl"]
[BlackTeam "ASK Salzburg"]

{2016/17} 1. d4 e6 2. Nf3 c5 3. e3 Nf6 4. Bd3 Be7 5. O-O O-O 6. Nbd2 b6 7. c3
Ba6 8. Bxa6 Nxa6 9. Qe2 Nb8 10. e4 d5 11. e5 Nfd7 12. Rd1 Nc6 13. Nf1 Rb8 14.
Ng3 b5 15. Nh5 b4 16. c4 Nb6 17. cxd5 Nxd5 18. dxc5 Qa5 19. Bg5 Qxc5 20. Rac1
Qb6 21. Qe4 Rfc8 22. Qg4 g6 23. Nf6+ Nxf6 24. exf6 Bf8 25. Qh4 Rd8 26. Bh6
Rxd1+ 27. Rxd1 Rd8 28. Rf1 Bc5 29. Ng5 Nd4 30. Bg7 h5 31. Qe4 Qb5 32. h4 Ne2+
33. Kh2 Bd6+ 34. f4 Ng3 35. Kxg3 Qxf1 36. Nf3 Bc5 37. Qb7 Qf2+ 38. Kh3 Qe3 39.
Bh6 Bd6 40. g3 Qd3 41. Bg7 Qb1 42. Ng5 Bc7 0-1

[Event "2. Bundesliga West 2016/17"]
[Site "Maeder"]
[Date "2016.11.25"]
[Round "4"]
[Board "2"]
[White "Besner, Bernhard"]
[Black "Doskocil, Klaus"]
[Result "0-1"]
[WhiteElo "2141"]
[BlackElo "2211"]
[PlyCount "90"]
[EventDate "2016.10.28"]
[EventType "team"]
[EventRounds "11"]
[EventCountry "AUT"]
[WhiteTeam "ASK Salzburg"]
[BlackTeam "Pradl"]

{2016/17} 1. e4 c5 2. c3 e6 3. d4 d5 4. e5 Nc6 5. Nf3 Qb6 6. Bd3 Bd7 7. dxc5
Bxc5 8. O-O a5 9. Nbd2 a4 10. b4 axb3 11. Nxb3 Nge7 12. Rb1 Na5 13. Nbd4 Qc7
14. Re1 b6 15. Qe2 h6 16. Bf4 Ba3 17. Bb5 Nc4 18. Nd2 Nxd2 19. Bxd2 Bc5 20. a4
Nc6 21. Qg4 Kf8 22. Qf4 Nd8 23. h3 Be7 24. Bxd7 Qxd7 25. Rxb6 Bg5 26. Nxe6+
Nxe6 27. Qb4+ Be7 28. Rb8+ Rxb8 29. Qxb8+ Qd8 30. Rb1 $11 g5 31. Qa7 Bc5 32.
Qa6 Kg7 33. Rb7 Re8 34. Qb5 Re7 35. Rb8 Qd7 36. Qe2 Qxa4 37. Qf3 Nf4 38. g3 Ng6
39. Qf6+ Kh7 40. Rb1 Qc2 41. Rb5 Qxd2 42. Rxc5 Qe1+ 43. Kh2 Qxe5 44. Qf3 Qe4
45. Qf6 Ne5 0-1